Central Library OPAC University of Rajshahi

Cultural policy in the Republic of Panama / (Record no. 35018)

MARC details
000 -LEADER
fixed length control field 00938cam a2200277 i 4500
001 - CONTROL NUMBER
control field 35018
003 - CONTROL NUMBER IDENTIFIER
rucl marc code BD-RjUL
005 - DATE AND TIME OF LATEST TRANSACTION
control field 20211209052239.0
008 - FIXED-LENGTH DATA ELEMENTS--GENERAL INFORMATION
fixed length control field 140520s1978 fr af 000 0 eng
020 ## - INTERNATIONAL STANDARD BOOK NUMBER
International Standard Book Number 923101529X
035 ## - SYSTEM CONTROL NUMBER
System control number (BD-RjUL)35112
040 ## - CATALOGING SOURCE
Original cataloging agency DLC
Transcribing agency DLC
Modifying agency BD-RjUL
Language of cataloging eng
041 1# - LANGUAGE CODE
Language code of text/sound track or separate title engspa
082 00 - DEWEY DECIMAL CLASSIFICATION NUMBER
Classification number 306.07287
Author mark and year CUL 1978
110 2# - MAIN ENTRY--CORPORATE NAME
Corporate name or jurisdiction name as entry element Instituto Nacional de Cultura (Panama)
9 (RLIN) 106637
245 10 - TITLE STATEMENT
Title Cultural policy in the Republic of Panama /
Statement of responsibility, etc. National Institute of Culture.
260 ## - PUBLICATION, DISTRIBUTION, ETC. (IMPRINT)
Place of publication, distribution, etc. Paris :
Name of publisher, distributor, etc. Unesco,
Date of publication, distribution, etc. c1978.
300 ## - PHYSICAL DESCRIPTION
Pagination 48 p., [2] leaves of plates :
Illustrations ill. ;
Size 24 cm.
500 ## - GENERAL NOTE
General note Translation of Política cultural de la República de Panamá.
650 #0 - SUBJECT ADDED ENTRY--TOPICAL TERM
Topical term or geographic name as entry element Arts
Geographic subdivision Panama
General subdivision Management.
9 (RLIN) 106639
942 ## - ADDED ENTRY ELEMENTS (KOHA)
Source of classification or shelving scheme Dewey Decimal Classification
Koha item type Books
Holdings
Lost status Source of classification or shelving scheme Damaged status Not for loan Collection code Permanent Location Current Location Shelving location Date acquired Source of acquisition Total Checkouts Full call number Date last seen Copy number Koha item type
  Dewey Decimal Classification   Not For Loan Non-fiction Central Library, University of Rajshahi Central Library, University of Rajshahi Reading Room 30/08/1982 Unesco   306.07287 CUL 1978 20/05/2014 C-1 Books